00418cam a2200157ua 45000010005000000080039000050400009000440820013000531000036000662450047001022500009001492600036001583000017001946530014002116530035002253341111017n ii |||gr||||Z||||||asm cMAIN a891.45131 aKakati, Satis Chandra,eAuthor.11aDiscover of assamcby Satis Chandra Kakati a1st. aKolkata:bArunchandra Guha,964. a218p:c23cm. aBiography aBiography of Discover of assam